'El Mar, escuela de juventudes' : conferencia pronunciada por el ... Ministro de Marina, Almirante D. Pedro Nieto Antúnez en la inauguración del II Salón Náutico de Barcelona. Discurso pronunciado el mismo día por el Presidente de la Diputación, Marqués de Castellflorite ... y contestación del Exmo. Sr. Ministro de Marina conferencia pronunciada por el ... Ministro de Marina, Almirante D. Pedro Nieto Antúnez en la inauguración del II Salón Náutico de Barcelona. Discurso pronunciado el mismo día por el Presidente de la Diputación, Marqués de Castellflorite ... y contestación del Exmo. Sr. Ministro de Marina

per Nieto Antúnez, Pedro

Descripció física: 43 p., [8] f. de làm. ; 24 cm
Matèries: Mar

MARC

LEADER 00000nam a2200000Ia 4500
001 2291
008 160829s9999 xx 000 0 cat d
080 |a C-2-179 
100 |a Nieto Antúnez, Pedro  |9 19887 
245 |a 'El Mar, escuela de juventudes' :  |b  conferencia pronunciada por el ... Ministro de Marina, Almirante D. Pedro Nieto Antúnez en la inauguración del II Salón Náutico de Barcelona. Discurso pronunciado el mismo día por el Presidente de la Diputación, Marqués de Castellflorite ... y contestación del Exmo. Sr. Ministro de Marina 
260 |a Barcelona :  |b Diputación de Barcelona. Sección de Prensa, DL 1964 
300 |a 43 p., [8] f. de làm. ;  |c 24 cm 
490 |a Publicación nº 5 del Museo Marítimo 
650 |a Mar  |9 23222 
710 1 |a Barcelona (Catalunya : Província).   |b Secció de Prensa  |9 56531 
901 |a Arxiu 
942 |n 1 
952 |0 0  |1 0  |4 0  |6 C2179  |7 1  |9 41360  |a Arxiu  |b Arxiu  |d 2016-12-01  |l 0  |o C-2-179  |p 2291  |r 2016-12-01 00:00:00  |w 2016-12-01  |y ARXIU 
999 |c 43167  |d 43167